| 000 | 01356 a2200229 4500 | ||
|---|---|---|---|
| 001 | 12747 | ||
| 005 | 20260407155440.0 | ||
| 008 | 260407a2011 arg spa d | ||
| 003 | AR-UNSa-BCEJYS | ||
| 040 |
_aAR-UNSa-BCEJYS _bspa _cAR-UNSa-BCEJYS |
||
| 080 |
_a304.4 _xAspectos generales de las políticas y prácticas sociales y culturales (política social) |
||
| 245 | 1 | 0 |
_aProtección social inclusiva en América Latina _puna mirada integral, un enfoque de derechos |
| 020 | _a978-92-1-323487-7 | ||
| 264 | 1 |
_aSantiago de Chile : _bCEPAL (Comisión Económica para América Latina y el Caribe) _c2011 |
|
| 300 |
_a277 p. _c22 cm. |
||
| 505 | _a1. Política y protección social - 2. La protección social en la América latina del nuevo milenio - 3. Los programas de transferencia con corresponsabilidad y la protección social - 4. Hacia un sistema integral de protección social - 5. Los programasde transferencia con corresponsabilidad como puerta de acceso a la protección social - 6. Consolidación de la protección social en América Latina:Principales desafíos | ||
| 942 | _cBK | ||
| 590 | _aniveau_biblio:m niveau_hierar:0 | ||
| 100 | 1 | _aCecchini, Simone | |
| 700 | 1 | _aMartínez, Rodrigo | |
| 856 | 4 | 1 |
_uhttps://biblioeco.unsa.edu.ar/pmb/images/libros/Proteccion social inclusiva en america latina-l118598.jpg _yImagen de portada _qimage/jpeg |
| 999 |
_c503 _d503 |
||